书目信息 |
| 题名: |
量子化学计算方法与应用
|
|
| 作者: | 林梦海 编著 | |
| 分册: | ||
| 出版信息: | 北京 科学出版社 2004 |
|
| 页数: | 256页 | |
| 开本: | 24cm | |
| 丛书名: | ||
| 单 册: | ||
| 中图分类: | O641.12 , O64 | |
| 科图分类: | ||
| 主题词: | 量子化学--计算方法 , 量子化学--应用 , 量子化学 | |
| 电子资源: | ||
| ISBN: | 7-03-012616-5 | |
| 000 | 00971nam0 2200289 450 | |
| 000 | 00958nam0 2200277 450 | |
| 000 | 00888nam0 2200253 450 | |
| 000 | 00851nam0 2200241 45 | |
| 005 | 20070528094419.93 | |
| 010 | @a7-03-012616-5@dCNY42.00 | |
| 100 | @a19961012d1996 ekmy0chiy0120 ea | |
| 101 | 0 | @achi |
| 102 | @aCN@b110000 | |
| 105 | @ay z 000yy | |
| 200 | 1 | @a量子化学计算方法与应用@ALiang Zi Hua Xue Ji Suan Fang Fa Yu Ying Yong@f林梦海编著@FLin Meng Hai Bian Zhu |
| 210 | @a北京@c科学出版社@d2004 | |
| 215 | @a256页@d24cm | |
| 300 | @a固体表面物理化学国家重点实验室资助出版 | |
| 330 | @a本书介绍了进行量子化学计算所必需的理论基础与分子轨道理论、价键理论、密度泛函等从头算方法和一些半经验方法等内容。 | |
| 606 | 0 | @a量子化学@x计算方法 |
| 606 | 0 | @a量子化学@x应用 |
| 606 | 0 | @a量子化学 |
| 690 | @aO641.12@v4 | |
| 690 | @aO64@v3 | |
| 701 | 0 | @a林梦海@ALin Meng Hai@c(量子化学)@4编著 |
| 801 | 0 | @aCN@bTAOJIN@c20070528 |
| 905 | @a10447@dO64@e106 | |
| 量子化学计算方法与应用/林梦海编著.-北京:科学出版社,2004 |
| 256页;24cm |
| 固体表面物理化学国家重点实验室资助出版 |
| ISBN 7-03-012616-5:CNY42.00 |
| 本书介绍了进行量子化学计算所必需的理论基础与分子轨道理论、价键理论、密度泛函等从头算方法和一些半经验方法等内容。 |
| ● |
| 相关链接 |
|
|
|
|
正题名:量子化学计算方法与应用
索取号:O64/106
 
预约/预借
| 序号 | 登录号 | 条形码 | 馆藏地/架位号 | 状态 | 备注 |
| 1 | 0523221 | 205232210 | 第二样本阅览室/ [索取号:O64/106] | 在馆 | |
| 2 | 0523222 | 205232229 | 第三借阅区/ [索取号:O64/106] | 在馆 | |
| 3 | 0523223 | 205232238 | 第三借阅区/ [索取号:O64/106] | 在馆 | |
| 4 | 0523224 | 205232247 | 第三借阅区/ [索取号:O64/106] | 在馆 | |
| 5 | 0523225 | 205232256 | 第三借阅区/ [索取号:O64/106] | 在馆 | |
| 6 | 0523226 | 205232265 | 第三借阅区/ [索取号:O64/106] | 在馆 | |
| 7 | 0523227 | 205232274 | 第三借阅区/ [索取号:O64/106] | 在馆 | |
| 8 | 0523228 | 205232283 | 第三借阅区/ [索取号:O64/106] | 在馆 |